| 000 | 00556nam a2200193Ia 4500 | ||
|---|---|---|---|
| 005 | 20250508155715.0 | ||
| 008 | 008 250505s9999 xx 000 0 eng d | ||
| 037 | _aTheses | ||
| 040 |
_aFEDL _beng _cFEDL |
||
| 041 |
_aeng _2eng |
||
| 084 |
_a371.2, MAH/TH _qFEDL |
||
| 100 |
_aMahajan Jagdish Mitter _9767335 |
||
| 245 | 0 | _aStudy of the supervisory-role of the principals of Delhi schools | |
| 260 | _c1970 | ||
| 300 | _a477p. | ||
| 546 | _aPH.D Thesis (Delhi University) | ||
| 942 |
_cTH _h371.2, MAH/TH |
||
| 999 |
_c1358890 _d1358890 |
||